=LDR 00000nam 2200000 4500 =001 INLIS000000000017102 =005 20140318115415.0 =006 =007 =008 Ind =035 ##$$a 0010-061300000017102 =041 ##$$a Ind =082 ##$$a 346.022 =090 ##$$a 346.022, Dju p =100 ##$$a Djunialdji, FX =245 ##$$a Perjanjian pemborongan, FX.Djunialdji SH =260 ##$$a 1991 $b Jakarta =300 ##$$a vii, 188 hlm, 21 cm =650 ##$$a Perjanjian pemborong =850 ##$$a NBPNMAT